Worst Movies - Statistics

General Stats
  • This quiz has been taken 19 times
  • The average score is 16 of 31
Answer Stats
Picture Answer % Correct
The Emoji Movie (2017)
100%
Sharknado (2013)
94%
Space Jam: A New Legacy (2021)
94%
Madame Web (2024)
88%
Snow White (2025)
88%
Catwoman (2004)
82%
Slender Man (2018)
82%
Cats (2019)
76%
Fantastic Four (2015)
76%
Ghost Rider: Spirit Of Vengeance (2012)
76%
Dolittle (2020)
71%
The Last Airbender (2010)
65%
Zoolander 2 (2016)
65%
Jack And Jill (2011)
59%
Morbius (2022)
59%
Winnie-The-Pooh: Blood And Honey (2023)
53%
Cats & Dogs (2001)
47%
Battlefield Earth (2000)
29%
Dragonball Evolution (2009)
29%
Epic Movie (2007)
29%
Gigli (2003)
29%
Speed 2: Cruise Control (1997)
29%
Baby Geniuses (1999)
24%
The Love Guru (2008)
24%
Kazaam (1996)
18%
Little Man (2006)
18%
Crossroads (2002)
12%
Left Behind (2014)
12%
Son Of The Mask (2005)
12%
Theodore Rex (1995)
12%
Meet The Deedles (1998)
6%
No matching quizzes found
Score Distribution
Percent of People with Each Score
Percentile by Number Answered
Your Score History
You have not taken this quiz